Las flores del mal : (Registro nro. 7213)
[ vista simple ]
| 000 -LEADER | |
|---|---|
| fixed length control field | 01159nam a22002417a 4500 |
| 003 - CONTROL NUMBER IDENTIFIER | |
| control field | OSt |
| 005 - DATE AND TIME OF LATEST TRANSACTION | |
| control field | 20250627101044.0 |
| 008 - FIXED-LENGTH DATA ELEMENTS--GENERAL INFORMATION | |
| fixed length control field | 210217s2012 ck a|||gr|||| 00| 0 spa d |
| 040 ## - CATALOGING SOURCE | |
| Original cataloging agency | CO-JMCR |
| Transcribing agency | CO-JMCR |
| 041 0# - LANGUAGE CODE | |
| Language code of text/sound track or separate title | spa |
| 082 04 - DEWEY DECIMAL CLASSIFICATION NUMBER | |
| Classification number | A-P |
| Item number | BAUf |
| Edition number | 23 |
| 100 1# - MAIN ENTRY--PERSONAL NAME | |
| Personal name | Baudelaire, Charles, |
| Dates associated with a name | 1821-1867 |
| Relator term | autor |
| 9 (RLIN) | 13563 |
| 245 14 - TITLE STATEMENT | |
| Title | Las flores del mal : |
| Remainder of title | antología / |
| Statement of responsibility, etc. | Charles Baudelaire |
| 260 ## - PUBLICATION, DISTRIBUTION, ETC. | |
| Place of publication, distribution, etc. | Bogotá : |
| Name of publisher, distributor, etc. | Universidad Nacional de Colombia ; facultad de ciencias humanas, |
| Date of publication, distribution, etc. | 2012 |
| 300 ## - PHYSICAL DESCRIPTION | |
| Extent | 59 páginas : |
| Other physical details | ilustraciones en blanco y negro ; |
| Dimensions | 17 cm. |
| 490 0# - SERIES STATEMENT | |
| Series statement | Señal que cabalgamos ; |
| Volume/sequential designation | 103 |
| 505 0# - FORMATTED CONTENTS NOTE | |
| Formatted contents note | Elevación -- La voz -- La giganta -- La caballera -- Una carroña -- A una malabaresa -- Los gatos -- Paisaje -- A una mendiga pelirroja -- Los siete viejos -- Las viejecitas -- A una transeúnte -- El amor engañoso -- El alma del vino -- El vino de los traperos -- El vino de los amantes -- El fin de la jornada |
| 520 0# - SUMMARY, ETC. | |
| Summary, etc. | Bajo una pálida luz corre, danza y retuerce la vida, impura y gritona. |
| 650 14 - SUBJECT ADDED ENTRY--TOPICAL TERM | |
| Topical term or geographic name entry element | Poesía francesa |
| 9 (RLIN) | 7738 |
| 650 24 - SUBJECT ADDED ENTRY--TOPICAL TERM | |
| Topical term or geographic name entry element | literatura francés |
| 9 (RLIN) | 13564 |
| 650 24 - SUBJECT ADDED ENTRY--TOPICAL TERM | |
| Topical term or geographic name entry element | Poetas, Francés |
| 9 (RLIN) | 13565 |
| 942 ## - ADDED ENTRY ELEMENTS (KOHA) | |
| Source of classification or shelving scheme | Dewey Decimal Classification |
| Koha item type | Books |
| Withdrawn status | Lost status | Source of classification or shelving scheme | Damaged status | Not for loan | Home library | Current library | Shelving location | Date acquired | Source of acquisition | Total Checkouts | Full call number | Barcode | Date last seen | Date last checked out | Copy number | Price effective from | Koha item type |
|---|---|---|---|---|---|---|---|---|---|---|---|---|---|---|---|---|---|
| Dewey Decimal Classification | Biblioteca Pública José María del Castillo y Rada | Biblioteca Pública José María del Castillo y Rada | General Stacks | 10/02/2020 | Donación | 1 | A-P BAUf | 201810341 | 10/21/2024 | 10/10/2024 | Ej.1 | 10/02/2020 | Books |